LEADER 01784nam2 2200277 450 001 000009065 005 20090224161552.0 012 $aa-a- ino- z,st hiR= (3) 1770 (R)$2fei$5UNIPARTHENOPE 100 $a20080219d1770----km-y0itay50------ba 101 0 $alat 102 $aRU 200 1 $aVolumen tertium, in quo methodus inueniendi functiones duarum et plurium variabilium, ex data relatione differentialium cuiusuis gradus pertractatur. Una cum appendice de calculo variationum et supplemento, ... auctore Leonhardo Eulero ... 210 $d1770 215 $a[8], 639, [1] p., [1] c. di tav. ripieg.$d4° 307 $aSegnatura: ):( 4 A-4L4 307 $aLa c. 4L4v bianca 316 $aMutilo della c. di tav. ripieg.$5UNIPARTHENOPE 317 $aSulla controguardia anteriore antiche segnature mss.: 2-E [n.i.]; 236-F [n.i.]; ivi, inoltre, Classe VII N 182 Ingresso N. 1873 del Registro inventario della Regia Marina Biblioteca dipartimentale di Napoli; sul r. della c. di g. ant. ripetut a segnatura del Registo inventario ...; 236-F [n.i.]; ivi, inoltre, possessore: N. Fergola; timbro A della Reale Biblioteca di Marina: front., ):(2r, 3A1r, 4L4r$5UNIPARTHENOPE 461 0$1001000009061$12001$aInstitutionum calculi integralis volumen primum [-tertium] ... Auctore Leonhardo Eulero ...$vVol. 3 700 1$aEuler,$bLeonhard$08600 702 1$aFegola,$bN.$4390 801 0$aIT$bUNIPARTHENOPE$c20080219$gRICA$2UNIMARC 912 $a000009065 951 $aBORB-E-42/III$b1873 (2)$cFB$d2008 996 $aVolumen tertium, in quo methodus inueniendi functiones duarum et plurium variabilium, ex data relatione differentialium cuiusuis gradus pertractatur. Una cum appendice de calculo variationum et supplemento, ... auctore Leonhardo Eulero ..$91205015 997 $aUNIPARTHENOPE